000 00783nas a2200253 4500
001 BR7702574
003 BR-BrBNA
005 20231205083201.0
007 ta
008 230509b bl.|||p| |||| 00| 00por d
040 _aBR-BrBNA
_bpor
_cBiblioteca Nacional de Agricultura
041 _a(Pt)
072 _aK20; F60
100 1 _aPoggiani, F.
245 1 _aCiclo de nutrientes e produtividade de floresta implantada [Planejamento florestal, Fisiologia vegetal]
650 _aPLANEJAMENTO FLORESTAL
650 _aPRODUTIVIDADE
650 _aNUTRICAO VEGETAL
650 _aFLORESTA
650 _aREFLORESTAMENTO
773 0 _tSilvicultura (Brazil)
_xISSN 0100-3615
_g(Nov 1976), v. 1(3) p. 45-48
_wBR7702574
909 _a202311
_bLúcia
_c55
_dLúcia Elande
942 _2AGRIS
_n0
_cANA
999 _c96983
_d96983